Memorial historial y política cristiana, que descubre las ideas y maximas del christianissimo Luis XIV. Para librar a la España de los infortunios , que esperimenta, por medio de su legitimo Rey Don Carlos III ... / (Record no. 151064)

MARC details
000 -LEADER
campo de control de longitud fija 00702nam a2200169 i 4500
001 - NÚMERO DE CONTROL
campo de control 151064
003 - IDENTIFICADOR DE NÚMERO DE CONTROL
campo de control ES-MaACL
005 - FECHA Y HORA DE LA ÚLTIMA TRANSACCIÓN
campo de control 20251015063134.0
007 - CAMPO FIJO DE DESCRIPCIÓN FÍSICA--INFORMACIÓN GENERAL
campo de control de longitud fija t|
008 - DATOS DE LONGITUD FIJA--INFORMACIÓN GENERAL
campo de control de longitud fija 071204s1703 au ||||1| spa d
100 0# - ENTRADA PRINCIPAL--NOMBRE DE PERSONA
Nombre de persona Benito de la Soledad,
Títulos y otros términos asociados al nombre (O.F.M.)
9 (RLIN) 27670
245 10 - MENCIÓN DEL TÍTULO
Título Memorial historial y política cristiana, que descubre las ideas y maximas del christianissimo Luis XIV. Para librar a la España de los infortunios , que esperimenta, por medio de su legitimo Rey Don Carlos III ... /
Mención de responsabilidad, etc. por Frai Benito de la Solidad...
260 ## - PUBLICACIÓN, DISTRIBUCIÓN, ETC.
Lugar de publicación, distribución, etc. Viena :
Nombre del editor, distribuidor, etc. Juan Van Ghelen,
Fecha de publicación, distribución, etc. 1703.
300 ## - DESCRIPCIÓN FÍSICA
Extensión [8], 452, [2] p. ;
Dimensiones 20 cm.
852 ## - LOCALIZACIÓN
Ubicación ES-MaACL
Número de control de estantería R-383
Encuadernación Olim: D-3004
Holdings
Estatus retirado Estado de pérdida Estado de daño No para préstamo Colección Biblioteca de origen Biblioteca actual Ubicación en estantería Fecha de adquisición Fuente de adquisición Total de préstamos Signatura topográfica completa Código de barras Visto por última vez Precio de reemplazo Tipo de ítem Koha
        Libros del s. XVIII Biblioteca del Ateneo de Madrid Biblioteca del Ateneo de Madrid Depósito 17/01/2008     R-383 1157631 23/02/2023 23/02/2023 Libro impreso antiguo